| 000 | 00533nam a2200169 a 4500 | ||
|---|---|---|---|
| 001 | 5200 | ||
| 003 | CDMR | ||
| 005 | 20130315105455.0 | ||
| 008 | 130130s1993||||||||||||||||||||||||||||d | ||
| 020 | _a9788478095919 | ||
| 040 |
_aCDMR _bcat _cCPC GIRONA |
||
| 100 | 1 |
_93036 _aCapmany, Maria Aurèlia _d1918-1991 |
|
| 245 | 0 |
_aObra completa _b: novel·la _cMaria Aurèlia Capmany ; a cura de Guillem-Jordi Graells |
|
| 260 |
_c1993 _bColumna _aBarcelona |
||
| 500 | _aL'exemplar correspon al 1r volum de les Obres Completes | ||
| 942 |
_cMON _2udc |
||
| 999 |
_c5200 _d5200 |
||